Normal view
MARC view
- Supervised by Dr. M. Noman Jaffery
Entry Personal Name
001 - CONTROL NUMBER
- control field: 131833
003 - CONTROL NUMBER IDENTIFIER
- control field: NUST
005 - DATE AND TIME OF LATEST TRANSACTION
- control field: 20251112133717.0
008 - FIXED-LENGTH DATA ELEMENTS
- fixed length control field: 251112|| aca||aabn | a|a d
040 ## - CATALOGING SOURCE
- Original cataloging agency: NUST
- Transcribing agency: NUST
100 ## - HEADING--PERSONAL NAME
- Personal name: Supervised by Dr. M. Noman Jaffery
670 ## - SOURCE DATA FOUND
- Source citation: Work cat.: (NUST)182761: Qaisar , Bin Saad (TCC-11) 131832, Channel estimation and equalization of ADSL Modem /, 2003
